000 01125cam a2200217 4500
001 X113310
008 000000n2001 000 0 eng u
035 _a(Sirsi) u113310
245 _aKinglsey v SoS Environment and Cheshire CC
260 _c2001
490 _aProperty, Planning and Compensation Reports
_v[2001] 82 P&CR 85-103(19)
520 _aQBD 10 November 2000. Structure plan. Examination in public. Housing provision. Alterations to green belt. Whether to be dealt with at Local Plan stage. Town and Country Planning (Development Plan) Regulations 1991 reg 16 and Town and Country Planning Act 1990 s32. Explanatory memorandum. Whether contained policy. Town and Country Planning Act 1990 s287. Judicial review. (Taken from headnote)
650 _aKINGSLEY V SOS ENVIRONMENT V CHESHIRE CC
650 _aJUDICIAL REVIEW
650 _aLOCAL PLAN
650 _aTOWN AND COUNTRY PLANNING (DEVELOPMENT PLAN) REGULATIONS 1991 REG 16
650 _aTOWN AND COUNTRY PLANNING ACT 1990 S32
650 _aTOWN AND COUNTRY PLANNING ACT 1990 S287
690 _aPlanning and development
_96259
942 _n0
999 _c67496
_d67496